| 000 | 00341nam a22001337a 4500 | ||
|---|---|---|---|
| 020 | _qPB. | ||
| 040 | _cFIZZA ISHAQ | ||
| 082 |
_a690 _bSTE |
||
| 100 |
_aGORSE, A EMMTT STEPHEN. _988770 |
||
| 245 |
_aBARRY ADVANCED CONTRUCTION OF BUILDING / _cSTEPHEN EMMTT A GORSE. |
||
| 260 |
_bWILEY SON, _c2014. |
||
| 300 | _a569 P. ; | ||
| 942 |
_2ddc _cBK |
||
| 999 |
_c587770 _d587770 |
||